| 000 | 00585nam a22001817a 4500 | ||
|---|---|---|---|
| 005 | 20260416123822.0 | ||
| 010 | _aENG-148259 | ||
| 020 |
_a9788194735908 _c249.00 |
||
| 035 | _aEN-131791 | ||
| 037 | _bDBAD | ||
| 082 | _a158.1 | ||
| 100 | _aCarnegie, Dale | ||
| 245 |
_aHow to develop self-confidence and influence people by public speaking / _cDale Carnegie |
||
| 260 |
_aNew Delhi _bEmpty Canvas Publishers _c2016 |
||
| 270 |
_a4435-36/7, First Floor, Ansari Road, Darya Ganj _bNew Delhi _e110002 |
||
| 300 |
_a231p. _c21cm(pb) |
||
| 942 |
_2ddc _cEN _h158.1 _mCAR |
||
| 999 |
_c215915 _d215915 |
||